Wolf's honour /

Following events described in 'Sons of Fenris', the Space Wolves find themselves under attack from all sides by the Thousand Sons Chaos Space Marines. In a last-ditch attempt to stop their ancient enemy, Ragnar and his battle-brothers launch a lightning strike on the Thousand Sons' ba...

Full description

Bibliographic Details
Main Author: Lightner, Lee
Format: Book
Language:English
Published: Nottingham : Black Library, 2008.
Series:Space wolf.
Warhammer 40,000.
Subjects:

MARC

Tag First Indicator Second Indicator Subfields
LEADER 00000cam a2200000 a 4500
001 in00004648592
008 071116s2008 enk 000 1 eng
005 20230227161437.0
035 |a (OCoLC)ocn181927626 
040 |a UKM  |b eng  |c UKM  |d BAKER  |d BTCTA  |d CRU  |d BDX  |d OCLCO  |d OCLCQ  |d OCLCF  |d JDP  |d OCLCO  |d UKMGB  |d OCL  |d DU3  |d OCLCO  |d OCL 
015 |a GBA795379  |2 bnb 
016 7 |a 014407902  |2 Uk 
019 |a 166373329 
020 |a 9781844163892  |q (pbk.) 
020 |a 184416389X  |q (pbk.) 
035 |a (OCoLC)181927626  |z (OCoLC)166373329 
042 |a ukblcatcopy 
050 4 |a PS3612.I44  |b W65 2008 
082 0 4 |a 813.6  |2 22 
100 1 |a Lightner, Lee. 
245 1 0 |a Wolf's honour /  |c by Lee Lightner. 
260 |a Nottingham :  |b Black Library,  |c 2008. 
300 |a 414 pages ;  |c 18 cm. 
336 |a text  |b txt  |2 rdacontent 
337 |a unmediated  |b n  |2 rdamedia 
338 |a volume  |b nc  |2 rdacarrier 
490 1 |a Space wolf 
490 1 |a Warhammer 40,000 
520 |a Following events described in 'Sons of Fenris', the Space Wolves find themselves under attack from all sides by the Thousand Sons Chaos Space Marines. In a last-ditch attempt to stop their ancient enemy, Ragnar and his battle-brothers launch a lightning strike on the Thousand Sons' base.  |c Publisher marketing. 
650 0 |a Blackmane, Ragnar (Fictitious character)  |v Fiction. 
655 7 |a Novels.  |2 fast  |0 (OCoLC)fst01921742 
655 7 |a novels.  |2 aat 
655 7 |a Science fiction.  |2 fast  |0 (OCoLC)fst01726489 
655 7 |a Fiction.  |2 fast  |0 (OCoLC)fst01423787 
655 7 |a Science fiction.  |2 gsafd 
655 7 |a Science fiction.  |2 lcgft 
655 7 |a Fiction.  |2 lcgft 
655 7 |a Novels.  |2 lcgft 
655 7 |a Romans.  |2 rvmgf 
830 0 |a Space wolf. 
830 0 |a Warhammer 40,000. 
938 |a Baker & Taylor  |b BKTY  |c 7.99  |d 6.39  |i 184416389X  |n 0007375053  |s active 
938 |a Brodart  |b BROD  |n 07351534  |c $7.99 
938 |a Baker and Taylor  |b BTCP  |n BK0007375053 
029 1 |a NOK  |b 184416389x 
029 1 |a NZ1  |b 11629637 
029 1 |a UKBCI  |b 110184157 
029 1 |a UKBNS  |b 110184157 
029 1 |a UKDEL  |b 110184157 
029 1 |a UKDON  |b 184416389X 
029 1 |a UKDOR  |b 110184157 
029 1 |a UKPMH  |b 110184157 
029 1 |a UKSCO  |b 110184157 
029 1 |a UKSGC  |b 110184157 
029 1 |a UKSOM  |b 110184157 
029 1 |a UNITY  |b 110184157 
029 1 |a UKMGB  |b 014407902 
994 |a Z0  |b TXA 
948 |h HELD BY TXA - 48 OTHER HOLDINGS 
999 f f |s a3639ce2-35bf-4acb-a11c-ea32e85babf6  |i 7418bfce-fb15-469e-8878-23064545dbad  |t 0 
952 f f |p noncirc  |a Texas A&M University  |b College Station  |c Cushing Memorial Library & Archives  |d Cushing: Science Fiction (Does not check out)  |t 0  |e PS3612.I44 W65 2008   |h Library of Congress classification  |i unmediated -- volume  |m A14853023485 
998 f f |a PS3612.I44 W65 2008   |t 0  |l Cushing: Science Fiction (Does not check out)